Statistics for DCAU

Click here to take the quiz!

General Stats

  • This quiz has been taken 57 times
  • The average score is 6 of 7

Answer Stats

HintAnswer% Correct
A new Batman rises in distant futureBatman Beyond
96%
Kevin Conroy's 1st Work as the voice of BatmanBatman the Animated Series
94%
The World's FinestJustice League
87%
Spinoff of Justice LeagueJustice League Unlimited
87%
The Man of Steel's ShowSuperman the Animated Series
87%
Based on a teen hero in DakotaStatic Shock
79%
Spinoff of Batman BeyondThe Zeta Project
57%

Score Distribution

Percentile by Number Answered

Percent of People with Each Score

Your Score History

You have not taken this quiz